000 00871cam a2200265 a 4500
001 1615254
005 20180314045633.0
008 950414s1996 paua b 001 0 eng c
010 _a 95017584
020 _a0721658350
040 _aDNLM/DLC
_cDLC
_dDLC
041 _aeng
060 1 0 _aWB 400 M214k 1996
080 _a615.854 kat
082 0 0 _a615.854 kat
_220
100 1 _a10
101 _anut
245 1 0 _aKrause's food, nutrition & diet therapy /
_cL. Kathleen Mahan, Sylvia Escott-Stump.
246 3 _aKrause's food, nutrition, and diet therapy
246 3 0 _aFood, nutrition, and diet therapy
504 _aIncludes bibliographical references and index.
906 _a7
_bcbc
_corignew
_d1
_eocip
_f19
_gy-gencatlg
942 _2ddc
_cBK
999 _c44963
_d44963